| 000 | 00525nam a2200181Ia 4500 | ||
|---|---|---|---|
| 005 | 20250326124608.0 | ||
| 008 | 250326s9999 xx 000 0 und d | ||
| 037 | _aTextbook | ||
| 040 |
_aFMSL _beng _cFMSL |
||
| 041 |
_aeng _2eng |
||
| 084 |
_aX:8 M3 _qFMSL |
||
| 100 |
_aFrench W L _9735900 |
||
| 245 | 0 |
_aOrganization development: theory, practice, and research _cFrench W L; Bell C H And Others |
|
| 260 |
_aUSA _bUSA, Business _c1983 |
||
| 300 | _a580p | ||
| 942 |
_cTB _hX:8 M3 |
||
| 999 |
_c1274315 _d1274315 |
||